000 01100cam a2200337 a 4500
001 15957467
003 OSt
005 20140310182748.0
008 091023s2011 nyua b 001 0 eng
010 _a 2009044025
020 _a9780073527116 (alk. paper)
020 _a9780071325776
035 _a(OCoLC)ocn436027982
040 _aDLC
_cDLC
_dYDX
_dBTCTA
_dYDXCP
_dDLC
050 0 0 _aHF 5686.C8
_b.L267 2011
100 1 _aLanen, William N.
245 1 0 _aFundamentals of cost accounting /
_cWilliam N. Lanen, Shannon W. Anderson, Michael W. Maher.
250 _a3rd ed.
260 _aNew York :
_bMcGraw-Hill/Irwin,
_c2011.
300 _axxx, 689 :
_bill. ;
_c27 cm.
500 _aIncludes bibliographical references and index.
521 _aBSA
650 0 _aCost accounting.
700 1 _aAnderson, Shannon W.
700 1 _aMaher, Michael,
_d1946-
906 _a7
_bcbc
_corignew
_d1
_eecip
_f20
_gy-gencatlg
942 _2lcc
_cBK
_kFOR
999 _c15697
_d15697